000
00355nam a2200157Ia 4500
003
0STCL
008
150530s9999 xx 000 0 und d
040
_a
STCL
_c
STCL
100
_a
Hugar, S.S.
245
_a
Trends and challenges to Indian banking
260
_c
1993
546
_a
English
942
_2
ddc
_c
BK
999
_c
9734
_d
9734
005
20220125165533.0